书目信息 |
| 题名: |
实用美术
|
|
| 作者: | 杨丹 | |
| 分册: | ||
| 出版信息: | 上海 上海人民美术出版社 1985 |
|
| 页数: | 32 | |
| 开本: | 26cm | |
| 丛书名: | ||
| 单 册: | ||
| 中图分类: | J022 | |
| 科图分类: | ||
| 主题词: | 艺术理论--基本问题 | |
| 电子资源: | ||
| ISBN: | ||
| 000 | 00606nam0 2200205 450 | |
| 001 | 0729297901 | |
| 005 | 20071003080817.90 | |
| 010 | @d¥1.80 | |
| 100 | @a20071003d km y0chiy0120 ea | |
| 101 | 0 | @achi |
| 200 | 1 | @a实用美术@Ashi yong mei shu@e流行色与生活专辑20@f杨丹@Fyang dan |
| 205 | @a新1版 | |
| 210 | @a上海@c上海人民美术出版社@d1985 | |
| 215 | @a32@d26cm | |
| 517 | 1 | @a流行色与生活专辑20@Aliu xing se yu sheng huo zhuan ji 20 |
| 606 | 0 | @a艺术理论@x基本问题 |
| 690 | @aJ022@v4 | |
| 701 | 0 | @a杨丹@Ayang dan |
| 801 | 0 | @aCN@b大连网信软件有限公司图书馆·11@c20071003 |
| 905 | @a213230@dJ022@eM13 | |
| 实用美术:流行色与生活专辑20/杨丹.-新1版.-上海:上海人民美术出版社,1985 |
| 32;26cm |
| ISBN :¥1.80 |
| ● |
| 相关链接 |
|
|
|
|
正题名:实用美术
索取号:J022/M13
 
预约/预借
| 序号 | 登录号 | 条形码 | 馆藏地/架位号 | 状态 | 备注 |
| 1 | 6401065 | 264010652 | 密集书库-美术系/ [索取号:J022/M13] | 在馆 |